| 000 | 00479nam a2200157 i 4500 | ||
|---|---|---|---|
| 001 | 76554 | ||
| 003 | ES-MaACL | ||
| 007 | t| | ||
| 008 | 041004s1999 sp ||||1| spa d | ||
| 100 | 1 |
_aGuilera Molas, Luis G. _960699 |
|
| 245 | 1 | 0 |
_aEnfermedades de la mama / _cpor Luis G. Guilera Mamas. |
| 250 | _a[1ª ed.]. | ||
| 260 |
_aBarcelona : _bSalvat, _c[1955] ( _fImp. Hispano-Americana) |
||
| 300 |
_aXII, 582 p., 1 lám. : _bil. ; _c23 cm. |
||
| 852 |
_aES-MaACL _jC-9094 _bR.36909 |
||
| 999 |
_c76554 _d76554 |
||